000 00393nam a2200157Ia 4500
008 231217s9999 xx 000 0 und d
041 _aEnglish
082 _a001.424 TAH;6
100 _aTaha, Hamdy A.
245 0 _aOperations research : An introduction
250 _a5th ed.
260 _c1996
_bNew Delhi : PHI,
300 _axix+822
650 _aOperations research
942 _cAA
999 _c164538
_d164538